00265nam a2200109Ia 4500008004100000082001600041100002100057245002800078260002300106300000800129650001800137150301s2015 xx 000 0 und d a615.4bH11G aGOYAL , RAMESH K 2aA TB OF HOSPITAL PHARMA bB.S SHAH PRAKASHAN a396 aPHARMACEUTICS